[Event "World Youth U-16 Olympiad 2018"]
[Site "Konya"]
[Date "2018.11.28"]
[Round "5"]
[White "Mhango, Banele"]
[Black "Oflaz, Avni"]
[Result "1/2-1/2"]
[WhiteElo "1828"]
[BlackElo "1361"]
[Annotator "NA"]
[PlyCount "136"]
[EventDate "2018.11.25"]
[EventType "team-tourn"]
[EventCountry "TUR"]
[SourceTitle "playchess.com"]
[Source "ChessBase"]
[SourceQuality "1"]
[WhiteTeam "South Africa"]
[BlackTeam "Turkey"]
[WhiteTeamCountry "RSA"]
[BlackTeamCountry "TUR"]

1. d4 d5 2. Nf3 Nf6 3. c4 c6 4. Qc2 Bg4 5. Nbd2 e6 6. e3 Bf5 7. Bd3 Bxd3 8. Qxd3 Nbd7 9. O-O Be7 10. e4 dxe4 11. Nxe4 Nxe4 12. Qxe4 Nf6 13. Qe2 O-O 14. Rd1 Qc7 15. Bg5 h6 16. Bh4 Rad8 17. Bg3 Bd6 18. Ne5 Nd7 19. Bh4 Rde8 20. Nxd7 Qxd7 21. Rd3 Be7 22. Bxe7 Qxe7 23. Re1 Qd7 24. Qh5 Kh7 25. Ree3 Qd6 26. Qa5 a6 27. Qc3 b5 28. Qc2 Kh8 29. Rh3 bxc4 30. Qxc4 Qd5 31. Qc1 Kh7 32. Qc2 Kh8 33. Qd2 Kh7 34. Rdg3 Rh8 35. Ra3 Rd8 36. Rhd3 Qc4 37. b3 Qb5 38. Ra5 Qb6 39. b4 Rd5 40. Rxd5 cxd5 41. Qc2 g6 42. Qc5 Qb7 43. Rc3 Kg7 44. a3 Rb8 45. h3 Qb6 46. h4 Qxc5 47. dxc5 Kf6 48. h5 g5 49. Rb3 Ke5 50. Kf1 f5 51. Ke2 d4 52. g3 Kd5 53. f4 gxf4 54. gxf4 Ke4 55. c6 Kxf4 56. a4 Ke5 57. b5 axb5 58. axb5 Kd6 59. Kd3 e5 60. Kc4 f4 61. Ra3 Rf8 62. Ra1 f3 63. Kd3 f2 64. Rf1 Kc7 65. Ke2 e4 66. Rxf2 d3+ 67. Ke3 Rxf2 68. Kxf2 Kb6 1/2-1/2

[Event "World Youth U-16 Olympiad 2018"]
[Site "Konya"]
[Date "2018.11.28"]
[Round "5"]
[White "Moran, Darragh"]
[Black "Marn, Jan"]
[Result "0-1"]
[WhiteElo "1800"]
[BlackElo "2125"]
[Annotator "NA RC"]
[PlyCount "60"]
[EventDate "2018.11.25"]
[EventType "team-tourn"]
[EventCountry "TUR"]
[SourceTitle "playchess.com"]
[Source "ChessBase"]
[SourceQuality "1"]
[WhiteTeam "Ireland"]
[BlackTeam "Slovenia"]
[WhiteTeamCountry "IRL"]
[BlackTeamCountry "SLO"]

1. d4 d5 2. c4 e6 3. Nc3 c6 4. e3 f5 5. Bd3 Bd6 6. Nge2 Nf6 7. Qc2 O-O 8. f3 Nbd7 9. cxd5 cxd5 10. Nb5 Bb8 11. O-O a6 12. Nbc3 b5 13. Bd2 Bb7 14. Rfc1 Nb6 15. a4 b4 16. Nd1 a5 17. Be1 Nfd7 18. Bg3 Bxg3 19. Nxg3 Rc8 20. Qb3 Qe7 21. f4 Nc4 22. Bxc4 dxc4 23. Qc2 Nb6 24. Qe2 Qd7 25. b3 cxb3 26. Nb2 Rxc1+ 27. Rxc1 Nxa4 28. Ra1 Nxb2 29. Qxb2 a4 30. Qd2 Qb5 0-1

[Event "World Youth U-16 Olympiad 2018"]
[Site "Konya"]
[Date "2018.11.28"]
[Round "5"]
[White "Orozbaev, Eldiar"]
[Black "Quiroga Jaquez, Angel Ivan"]
[Result "0-1"]
[WhiteElo "1785"]
[BlackElo "2014"]
[Annotator "NA"]
[PlyCount "81"]
[EventDate "2018.11.25"]
[EventType "team-tourn"]
[EventCountry "TUR"]
[SourceTitle "playchess.com"]
[Source "ChessBase"]
[SourceQuality "1"]
[WhiteTeam "Kyrgyzstan"]
[BlackTeam "Mexico"]
[WhiteTeamCountry "KGZ"]
[BlackTeamCountry "MEX"]

1. e4 e5 2. Nf3 Nc6 3. Bc4 Bc5 4. c3 Nf6 5. d3 O-O 6. O-O d5 7. exd5 Nxd5 8. b4 Be7 9. b5 Na5 10. Bxd5 Qxd5 11. c4 Qd7 12. Bb2 f6 13. Nc3 b6 14. Nd5 Bd6 15. Ne3 Bb7 16. Qe2 Rae8 17. Rfd1 f5 18. d4 exd4 19. Nxd4 f4 20. Bc3 fxe3 21. fxe3 Qe7 22. Rac1 Qh4 23. Nf3 Bxf3 24. gxf3 Qg5+ 25. Kh1 Qxe3 26. Qxe3 Rxe3 27. c5 Be5 28. Bxe5 Rxe5 29. cxb6 cxb6 30. Rc7 h6 31. Rxa7 Rxf3 32. a4 Nc4 33. Rc7 Ne3 34. Rg1 Nf5 35. Rb1 Re2 36. Kg1 Rff2 37. Rc3 Rxh2 38. Rbb3 Reg2+ 39. Kf1 Nd4 40. Rc8+ Kh7 41. Rh3 0-1

[Event "World Youth U-16 Olympiad 2018"]
[Site "Konya"]
[Date "2018.11.28"]
[Round "5"]
[White "Leffad, Samy"]
[Black "Semjonovs, Ilja"]
[Result "0-1"]
[WhiteElo "1776"]
[BlackElo "2245"]
[Annotator "TA"]
[PlyCount "104"]
[EventDate "2018.11.25"]
[EventType "team-tourn"]
[EventCountry "TUR"]
[SourceTitle "playchess.com"]
[Source "ChessBase"]
[SourceQuality "1"]
[WhiteTeam "Algeria"]
[BlackTeam "Latvia"]
[WhiteTeamCountry "ALG"]
[BlackTeamCountry "LAT"]

1. d4 Nf6 2. c4 c5 3. d5 b5 4. cxb5 a6 5. b6 d6 6. Nc3 Nbd7 7. e4 g6 8. Nf3 Bg7 9. Be2 O-O 10. O-O Qxb6 11. Nd2 Qc7 12. Qc2 e6 13. Nc4 exd5 14. exd5 Nb6 15. Ne3 Bb7 16. Bf3 Nfd7 17. a4 Ne5 18. Be2 f5 19. f4 Nf7 20. a5 Nd7 21. Bd2 Rae8 22. Bf3 Bd4 23. Rfe1 Re7 24. Kh1 Rfe8 25. Nc4 Nf6 26. Qd3 Nh6 27. Rxe7 Qxe7 28. h3 Ne4 29. Be1 Bf2 30. Nxe4 fxe4 31. Bxe4 Qxe4 32. Qxe4 Rxe4 33. Nxd6 Rxe1+ 34. Rxe1 Bxe1 35. Nxb7 c4 36. d6 Nf7 37. d7 Bh4 38. Nc5 Bd8 39. Nxa6 Bxa5 40. Nc5 Kf8 41. g4 Ke7 42. Kg2 Bb6 43. Ne4 Bd4 44. Nc3 Bxc3 45. bxc3 Nd6 46. d8=Q+ Kxd8 47. Kf3 Nb5 48. Ke4 Nxc3+ 49. Kd4 Ne2+ 50. Kxc4 Nxf4 51. h4 Ng2 52. h5 Ne3+ 0-1

[Event "World Youth U-16 Olympiad 2018"]
[Site "Konya"]
[Date "2018.11.28"]
[Round "5"]
[White "Maycock Bates, David Henry"]
[Black "Mairambekova, Aiperi"]
[Result "1-0"]
[WhiteElo "1773"]
[BlackElo "1398"]
[Annotator "NA"]
[PlyCount "65"]
[EventDate "2018.11.25"]
[EventType "team-tourn"]
[EventCountry "TUR"]
[SourceTitle "playchess.com"]
[Source "ChessBase"]
[SourceQuality "1"]
[WhiteTeam "Mexico"]
[BlackTeam "Kyrgyzstan"]
[WhiteTeamCountry "MEX"]
[BlackTeamCountry "KGZ"]

1. e4 e5 2. Nf3 Nc6 3. Bb5 a6 4. Ba4 Nf6 5. O-O b5 6. Bb3 Be7 7. Re1 d6 8. c3 O-O 9. h3 Na5 10. Bc2 c5 11. d4 Qc7 12. Nbd2 Bd7 13. d5 c4 14. Nf1 Nb7 15. Ng3 a5 16. a3 Nc5 17. Bg5 Rfe8 18. Qd2 Rab8 19. Nh2 Bc8 20. Rf1 Ncd7 21. f4 exf4 22. Bxf4 Ne5 23. Bg5 Ng6 24. Bxf6 Bxf6 25. Rxf6 gxf6 26. Nh5 Kf8 27. Nxf6 Qc5+ 28. Kh1 Rd8 29. Rf1 Ba6 30. Nxh7+ Ke7 31. Qg5+ Kd7 32. Rxf7+ Kc8 33. Qf5+ 1-0

[Event "World Youth U-16 Olympiad 2018"]
[Site "Konya"]
[Date "2018.11.28"]
[Round "5"]
[White "Benrekia, Yacine"]
[Black "Laohawirapap, Prin"]
[Result "0-1"]
[WhiteElo "1689"]
[BlackElo "1750"]
[Annotator "NA"]
[PlyCount "73"]
[EventDate "2018.11.25"]
[EventType "team-tourn"]
[EventCountry "TUR"]
[SourceTitle "playchess.com"]
[Source "ChessBase"]
[SourceQuality "1"]
[WhiteTeam "Algeria"]
[BlackTeam "Thailand"]
[WhiteTeamCountry "ALG"]
[BlackTeamCountry "THA"]

1. c4 c6 2. d4 d5 3. cxd5 cxd5 4. Bf4 Nc6 5. Nc3 Nf6 6. e3 a6 7. Nf3 Bf5 8. Be2 e6 9. O-O Be7 10. Rc1 O-O 11. a3 Rc8 12. Na4 Nd7 13. b4 b5 14. Nc5 Nxc5 15. dxc5 Bf6 16. Bd6 Re8 17. Qb3 Qd7 18. Rfd1 e5 19. a4 bxa4 20. Qxa4 e4 21. Ne1 Nd4 22. Qa2 Nxe2+ 23. Qxe2 Bg4 24. f3 exf3 25. gxf3 Bf5 26. Rxd5 Bg5 27. Ng2 h6 28. Rcd1 Qe6 29. Re5 Qf6 30. Rxe8+ Rxe8 31. e4 Qc3 32. Qd3 Qxd3 33. Rxd3 Bd7 34. Ne1 Bb5 35. Ra3 f5 36. e5 Bd2 37. Nc2 0-1

[Event "World Youth U-16 Olympiad 2018"]
[Site "Konya"]
[Date "2018.11.28"]
[Round "5"]
[White "Golsta, Ramona"]
[Black "Chabane, Lina"]
[Result "1-0"]
[WhiteElo "1681"]
[BlackElo "1326"]
[Annotator "NA"]
[PlyCount "71"]
[EventDate "2018.11.25"]
[EventType "team-tourn"]
[EventCountry "TUR"]
[SourceTitle "playchess.com"]
[Source "ChessBase"]
[SourceQuality "1"]
[WhiteTeam "Latvia"]
[BlackTeam "Algeria"]
[WhiteTeamCountry "LAT"]
[BlackTeamCountry "ALG"]

1. d4 Nf6 2. Bf4 d6 3. e3 a6 4. Nf3 b5 5. Bd3 Bb7 6. O-O g6 7. Nbd2 Nbd7 8. h3 Bg7 9. Qe2 O-O 10. c3 Re8 11. e4 e5 12. Bg5 h6 13. Bh4 g5 14. Bg3 Rc8 15. Rad1 Nh5 16. Bc2 Nf4 17. Qe3 exd4 18. cxd4 Bxe4 19. Nxe4 d5 20. Bxf4 gxf4 21. Qxf4 dxe4 22. Bxe4 Nf6 23. Bc6 Re6 24. Ne5 Qe7 25. Bf3 c5 26. Ng4 Nxg4 27. Bxg4 Re4 28. Qf5 Rd8 29. dxc5 Rxd1 30. Rxd1 Re1+ 31. Rxe1 Qxe1+ 32. Kh2 Be5+ 33. f4 Bxb2 34. Bh5 Qe7 35. c6 Qc7 36. Qxf7+ 1-0

[Event "World Youth U-16 Olympiad 2018"]
[Site "Konya"]
[Date "2018.11.28"]
[Round "5"]
[White "Asavasaetakul, Chawit"]
[Black "Maameri, Insaf"]
[Result "1-0"]
[WhiteElo "1656"]
[BlackElo "1366"]
[Annotator "NA"]
[PlyCount "53"]
[EventDate "2018.11.25"]
[EventType "team-tourn"]
[EventCountry "TUR"]
[SourceTitle "playchess.com"]
[Source "ChessBase"]
[SourceQuality "1"]
[WhiteTeam "Thailand"]
[BlackTeam "Algeria"]
[WhiteTeamCountry "THA"]
[BlackTeamCountry "ALG"]

1. e4 e6 2. d4 d5 3. Nd2 Nf6 4. e5 Nfd7 5. Bd3 c5 6. c3 Nc6 7. Ne2 Be7 8. O-O O-O 9. Nf3 f6 10. exf6 Bxf6 11. Nf4 Re8 12. Re1 Nf8 13. dxc5 Kh8 14. Bc2 Bd7 15. Nh5 Be7 16. b4 a5 17. Bb2 Bf6 18. Nxf6 gxf6 19. b5 Na7 20. a4 Re7 21. c4 Rg7 22. cxd5 exd5 23. Qd4 Ne6 24. Qxf6 d4 25. Rxe6 Bxe6 26. Qxe6 Rg6 27. Bxg6 1-0

[Event "World Youth U-16 Olympiad 2018"]
[Site "Konya"]
[Date "2018.11.28"]
[Round "5"]
[White "Cui, Leonardo"]
[Black "Sankova, Stella"]
[Result "0-1"]
[WhiteElo "1569"]
[BlackElo "2039"]
[Annotator "NA"]
[PlyCount "88"]
[EventDate "2018.11.25"]
[EventType "team-tourn"]
[EventCountry "TUR"]
[SourceTitle "playchess.com"]
[Source "ChessBase"]
[SourceQuality "1"]
[WhiteTeam "Canada"]
[BlackTeam "Slovakia"]
[WhiteTeamCountry "CAN"]
[BlackTeamCountry "SVK"]

1. d4 Nf6 2. Bg5 e6 3. e4 h6 4. Bxf6 Qxf6 5. Nc3 Bb4 6. Qd3 c5 7. a3 Bxc3+ 8. bxc3 Nc6 9. Nf3 O-O 10. g3 d6 11. Bg2 e5 12. dxc5 dxc5 13. Nd2 Rd8 14. Qe2 b6 15. O-O Ba6 16. Qxa6 Rxd2 17. Qa4 Rad8 18. Rac1 Na5 19. Qb5 Qe6 20. Qb1 Qc4 21. Rfe1 Qxc3 22. Re3 Qd4 23. Bf1 Qd6 24. Be2 Qe6 25. Bd3 Nc4 26. Rf3 Qg4 27. Kg2 Nd6 28. Qb3 c4 29. Bxc4 Qxe4 30. Bd3 Qd4 31. Re1 e4 32. Rf4 Re8 33. Bb5 Re7 34. c3 Qc5 35. a4 g5 36. Rf6 Kg7 37. c4 Kxf6 38. Qc3+ Qd4 39. Qe3 Qxe3 40. Rxe3 Re5 41. Kf1 Rf5 42. Re2 Rxe2 43. Kxe2 Nxb5 44. axb5 Rc5 0-1

[Event "World Youth U-16 Olympiad 2018"]
[Site "Konya"]
[Date "2018.11.28"]
[Round "5"]
[White "Aubakirov, Shyngys"]
[Black "Adiguzel, Ufuk Alp"]
[Result "1/2-1/2"]
[WhiteElo "1546"]
[BlackElo "2019"]
[Annotator "NA"]
[PlyCount "70"]
[EventDate "2018.11.25"]
[EventType "team-tourn"]
[EventCountry "TUR"]
[SourceTitle "playchess.com"]
[Source "ChessBase"]
[SourceQuality "1"]
[WhiteTeam "Kazakhstan"]
[BlackTeam "Turkey"]
[WhiteTeamCountry "KAZ"]
[BlackTeamCountry "TUR"]

1. e4 c5 2. Nc3 a6 3. a4 e6 4. Bc4 Ne7 5. d3 d5 6. Bb3 h6 7. f4 g6 8. Nf3 Bg7 9. O-O O-O 10. Qe1 Nbc6 11. Qh4 Nd4 12. Nxd4 cxd4 13. Ne2 dxe4 14. dxe4 Nc6 15. Qxd8 Rxd8 16. Rd1 b6 17. Ng3 Na5 18. Rd3 Bb7 19. Bd2 h5 20. Bxa5 bxa5 21. Re1 Bh6 22. f5 h4 23. Nf1 exf5 24. exf5 gxf5 25. Re7 Bd5 26. Rxd4 Bf8 27. Rxd5 Bxe7 28. Rxf5 Rf8 29. Rxa5 Bf6 30. Kf2 Rfb8 31. Rf5 Rb6 32. Kf3 Kg7 33. Ne3 Kg6 34. Rf4 Ra7 35. Nd5 Rd6 1/2-1/2

[Event "World Youth U-16 Olympiad 2018"]
[Site "Konya"]
[Date "2018.11.28"]
[Round "5"]
[White "Kayan, Yasar Efe"]
[Black "Modi, Yashil"]
[Result "0-1"]
[WhiteElo "1515"]
[BlackElo "1955"]
[Annotator "NA"]
[PlyCount "82"]
[EventDate "2018.11.25"]
[EventType "team-tourn"]
[EventCountry "TUR"]
[SourceTitle "playchess.com"]
[Source "ChessBase"]
[SourceQuality "1"]
[WhiteTeam "Turkey"]
[BlackTeam "South Africa"]
[WhiteTeamCountry "TUR"]
[BlackTeamCountry "RSA"]

1. e4 e5 2. Nc3 Nf6 3. g3 c6 4. Bg2 d5 5. d3 Bg4 6. Nge2 Bb4 7. f3 Be6 8. O-O O-O 9. Kh1 Nbd7 10. Bd2 a5 11. a3 Bd6 12. f4 dxe4 13. dxe4 Bc5 14. f5 Bc4 15. h3 Bd4 16. Re1 Nc5 17. Nxd4 exd4 18. Nb1 Ncxe4 19. Rxe4 Nxe4 20. Bxe4 Bd5 21. Qf3 Bxe4 22. Qxe4 Re8 23. Qf3 Qb6 24. b3 Re5 25. Qd3 Rae8 26. a4 Qc5 27. c4 Re4 28. g4 Qe5 29. Qf3 Re2 30. Bf4 Re1+ 31. Kg2 Qe2+ 32. Qxe2 R8xe2+ 33. Kf3 Rb2 34. Bc7 Rxb3+ 35. Kf4 Rexb1 36. Rxb1 Rxb1 37. Bxa5 Rc1 38. Ke4 Rxc4 39. Kd3 Rxa4 40. Bb6 h5 41. gxh5 Kh7 0-1

[Event "World Youth U-16 Olympiad 2018"]
[Site "Konya"]
[Date "2018.11.28"]
[Round "5"]
[White "Moran, Hugh"]
[Black "Kuhar, Larisa"]
[Result "1-0"]
[WhiteElo "1498"]
[BlackElo "1916"]
[Annotator "NA"]
[PlyCount "111"]
[EventDate "2018.11.25"]
[EventType "team-tourn"]
[EventCountry "TUR"]
[SourceTitle "playchess.com"]
[Source "ChessBase"]
[SourceQuality "1"]
[WhiteTeam "Ireland"]
[BlackTeam "Slovenia"]
[WhiteTeamCountry "IRL"]
[BlackTeamCountry "SLO"]

1. e4 c5 2. Nc3 d6 3. d4 cxd4 4. Qxd4 Nc6 5. Qd2 Nf6 6. b3 e6 7. Bb2 Be7 8. O-O-O O-O 9. f4 a6 10. Kb1 b5 11. Nf3 b4 12. Na4 Nxe4 13. Qe3 d5 14. Bd3 Nf6 15. h3 Bb7 16. g4 Qa5 17. Ne5 d4 18. Qf3 Nd8 19. Qf2 Bxh1 20. Rxh1 Nd5 21. Qxd4 Nc3+ 22. Bxc3 bxc3 23. Qe4 g6 24. Qxa8 Qb4 25. Nc6 Nxc6 26. Qxc6 Bf6 27. Qc4 Qb7 28. Qe4 Qc7 29. Rd1 Rd8 30. Rf1 Qb8 31. Qf3 Qd6 32. f5 exf5 33. gxf5 Be5 34. fxg6 fxg6 35. Rd1 Kh8 36. Be2 Qc7 37. Rxd8+ Qxd8 38. Qd3 Qxd3 39. cxd3 g5 40. Kc2 Kg7 41. Nxc3 Kg6 42. Ne4 h5 43. Kd2 Bd4 44. a3 a5 45. b4 axb4 46. axb4 g4 47. hxg4 hxg4 48. Bxg4 Kf7 49. Kc2 Ke7 50. Kb3 Kd8 51. Kc4 Be3 52. d4 Kc7 53. Kc5 Bh6 54. d5 Be3+ 55. Kc4 Bf4 56. d6+ 1-0

[Event "World Youth U-16 Olympiad 2018"]
[Site "Konya"]
[Date "2018.11.28"]
[Round "5"]
[White "Coicev, Matei-Andrei"]
[Black "Johannsson, Birkir Isak"]
[Result "0-1"]
[WhiteElo "1489"]
[BlackElo "1949"]
[Annotator "NA"]
[PlyCount "76"]
[EventDate "2018.11.25"]
[EventType "team-tourn"]
[EventCountry "TUR"]
[SourceTitle "playchess.com"]
[Source "ChessBase"]
[SourceQuality "1"]
[WhiteTeam "Romania"]
[BlackTeam "Iceland"]
[WhiteTeamCountry "ROU"]
[BlackTeamCountry "ISL"]

1. e4 c5 2. d4 cxd4 3. c3 Nf6 4. e5 Nd5 5. Qxd4 e6 6. Nf3 Nc6 7. Qe4 f5 8. exf6 Nxf6 9. Qh4 e5 10. Bg5 d5 11. Bb5 Bd6 12. O-O O-O 13. Re1 e4 14. Bxc6 bxc6 15. Nd4 Qb6 16. Nd2 c5 17. N4b3 a5 18. Rab1 a4 19. Nc1 Bf5 20. Be3 Ng4 21. h3 Nxe3 22. Rxe3 Bg6 23. Ne2 d4 24. cxd4 cxd4 25. Rxe4 Bxe4 26. Qxe4 d3 27. Nd4 Bc5 28. N2f3 Bxd4 29. Nxd4 d2 30. Nf3 Rad8 31. Qxa4 Rxf3 32. gxf3 Qg6+ 33. Kf1 Qxb1+ 34. Ke2 d1=Q+ 35. Qxd1 Qxd1+ 36. Ke3 Qd4+ 37. Ke2 Qd3+ 38. Ke1 Qd1# 0-1

[Event "World Youth U-16 Olympiad 2018"]
[Site "Konya"]
[Date "2018.11.28"]
[Round "5"]
[White "Karibaev, Dimash"]
[Black "Aydin, Gulenay"]
[Result "0-1"]
[WhiteElo "1460"]
[BlackElo "1791"]
[Annotator "NA"]
[PlyCount "90"]
[EventDate "2018.11.25"]
[EventType "team-tourn"]
[EventCountry "TUR"]
[SourceTitle "playchess.com"]
[Source "ChessBase"]
[SourceQuality "1"]
[WhiteTeam "Kazakhstan"]
[BlackTeam "Turkey"]
[WhiteTeamCountry "KAZ"]
[BlackTeamCountry "TUR"]

1. c4 Nf6 2. Nc3 g6 3. e4 d6 4. d3 c5 5. f4 Bg7 6. Nf3 Nc6 7. Be2 O-O 8. O-O a6 9. Be3 Rb8 10. Nd5 Ng4 11. Bd2 e6 12. Nc3 Nd4 13. Kh1 Nxe2 14. Qxe2 f5 15. e5 b6 16. Be1 Bb7 17. Bg3 dxe5 18. Nxe5 Nxe5 19. fxe5 Qc7 20. Rae1 Rfd8 21. Bh4 Rd7 22. Nb1 Qc6 23. Rf3 b5 24. Nd2 Bf8 25. Rg3 Be7 26. Bxe7 Rxe7 27. cxb5 axb5 28. Rc1 Qd5 29. Nb3 Rc8 30. d4 c4 31. Rgc3 Rd8 32. Nc5 Qxd4 33. b4 Rd5 34. Re3 Qd2 35. Qxd2 Rxd2 36. Nxb7 Rxb7 37. a3 Ra7 38. g3 Ra2 39. Rcc3 Rd7 40. Rc1 Rdd2 41. h4 Rd3 42. Rxd3 cxd3 43. Rc8+ Kg7 44. Rd8 d2 45. Rd7+ Kf8 0-1

[Event "World Youth U-16 Olympiad 2018"]
[Site "Konya"]
[Date "2018.11.28"]
[Round "5"]
[White "Djerroud, Chahrazed"]
[Black "Golsta, Madara"]
[Result "0-1"]
[WhiteElo "1389"]
[BlackElo "1938"]
[Annotator "NA"]
[PlyCount "42"]
[EventDate "2018.11.25"]
[EventType "team-tourn"]
[EventCountry "TUR"]
[SourceTitle "playchess.com"]
[Source "ChessBase"]
[SourceQuality "1"]
[WhiteTeam "Algeria"]
[BlackTeam "Latvia"]
[WhiteTeamCountry "ALG"]
[BlackTeamCountry "LAT"]

1. e4 c5 2. Nf3 Nc6 3. d4 cxd4 4. Nxd4 g6 5. Be3 Bg7 6. Nc3 Nf6 7. Be2 O-O 8. Qd2 d5 9. Nxc6 bxc6 10. e5 Nd7 11. f4 f6 12. Nxd5 fxe5 13. Bc4 Kh8 14. Nc3 exf4 15. Bxf4 Qa5 16. Na4 Qxa4 17. b3 Qa3 18. c3 Rxf4 19. Qxf4 Bxc3+ 20. Ke2 Bxa1 21. Qf7 Ba6 0-1

[Event "World Youth U-16 Olympiad 2018"]
[Site "Konya"]
[Date "2018.11.28"]
[Round "5"]
[White "Putter, Nicola"]
[Black "Gedik, Kerem Bilge"]
[Result "1-0"]
[WhiteElo "1351"]
[BlackElo "1211"]
[Annotator "NA"]
[PlyCount "77"]
[EventDate "2018.11.25"]
[EventType "team-tourn"]
[EventCountry "TUR"]
[SourceTitle "playchess.com"]
[Source "ChessBase"]
[SourceQuality "1"]
[WhiteTeam "South Africa"]
[BlackTeam "Turkey"]
[WhiteTeamCountry "RSA"]
[BlackTeamCountry "TUR"]

1. e4 e6 2. d4 d5 3. e5 c5 4. c3 Nc6 5. Nf3 Qb6 6. a3 cxd4 7. cxd4 Nh6 8. b4 Nf5 9. Be3 Be7 10. Bd3 Bd7 11. Bxf5 exf5 12. O-O f6 13. Nc3 Be6 14. Na4 Qd8 15. Rc1 fxe5 16. Nxe5 Nxe5 17. dxe5 f4 18. Bxf4 O-O 19. Be3 b6 20. Qd4 Qe8 21. Nc3 Rd8 22. Ne2 g5 23. Rc7 Rd7 24. Rc6 Bf5 25. Ng3 Bg6 26. f4 Qa8 27. Rfc1 Bc5 28. Rxg6+ hxg6 29. bxc5 bxc5 30. Rxc5 gxf4 31. Bxf4 Rdf7 32. Bh6 Rd8 33. e6 Rh7 34. Qf6 Qb8 35. Qxg6+ Kh8 36. Bg5 Rg8 37. Bf6+ Rgg7 38. e7 Qg8 39. e8=Q 1-0

[Event "World Youth U-16 Olympiad 2018"]
[Site "Konya"]
[Date "2018.11.28"]
[Round "5"]
[White "Kadyrkulov, Saiid"]
[Black "Lopez Sanchez, Anastacia Antonia"]
[Result "0-1"]
[WhiteElo "1325"]
[BlackElo "1734"]
[Annotator "NA"]
[PlyCount "110"]
[EventDate "2018.11.25"]
[EventType "team-tourn"]
[EventCountry "TUR"]
[SourceTitle "playchess.com"]
[Source "ChessBase"]
[SourceQuality "1"]
[WhiteTeam "Kyrgyzstan"]
[BlackTeam "Mexico"]
[WhiteTeamCountry "KGZ"]
[BlackTeamCountry "MEX"]

1. d4 f5 2. c4 Nf6 3. Nc3 e6 4. g3 Bb4 5. Bd2 O-O 6. Bg2 Nc6 7. Nf3 b6 8. O-O Bb7 9. b3 Qc8 10. a3 Bxc3 11. Bxc3 Ne4 12. Bb2 Nd8 13. d5 d6 14. dxe6 Nxe6 15. e3 Qd7 16. Qc2 Rae8 17. Rad1 Qc8 18. Nd4 Nxd4 19. exd4 d5 20. c5 c6 21. cxb6 axb6 22. a4 f4 23. Rfe1 f3 24. Bf1 g5 25. Re3 g4 26. Rde1 Rf6 27. Rxe4 dxe4 28. Bc4+ Kf8 29. d5 cxd5 30. Bxf6 dxc4 31. bxc4 Qf5 32. Qc3 Kf7 33. Bh8 Rg8 34. Rd1 Rg6 35. Qb3 Bc8 36. Rd5 Qe6 37. Qb5 Rg8 38. Bd4 Qh6 39. Rd7+ Bxd7 40. Qxd7+ Kg6 41. Qe6+ Kh5 42. Qf5+ Rg5 43. Qxe4 Qg6 44. Qxg6+ Rxg6 45. h3 Rc6 46. hxg4+ Kxg4 47. a5 bxa5 48. c5 a4 49. Kf1 Kf5 50. Ke1 Ke4 51. Ba1 Rxc5 52. Kd2 a3 53. Bf6 a2 54. g4 Rb5 55. g5 Rb1 0-1

[Event "World Youth U-16 Olympiad 2018"]
[Site "Konya"]
[Date "2018.11.28"]
[Round "5"]
[White "Bugdayci, Yuksel"]
[Black "Modi, Sonia"]
[Result "0-1"]
[WhiteElo "1299"]
[BlackElo "1588"]
[Annotator "NA"]
[PlyCount "66"]
[EventDate "2018.11.25"]
[EventType "team-tourn"]
[EventCountry "TUR"]
[SourceTitle "playchess.com"]
[Source "ChessBase"]
[SourceQuality "1"]
[WhiteTeam "Turkey"]
[BlackTeam "South Africa"]
[WhiteTeamCountry "TUR"]
[BlackTeamCountry "RSA"]

1. e4 e6 2. d4 d5 3. exd5 exd5 4. Nf3 c5 5. Nc3 Be6 6. Bb5+ Nc6 7. Ne5 Qc7 8. Nxc6 bxc6 9. Ba4 Nf6 10. h3 Bd6 11. O-O O-O 12. dxc5 Bxc5 13. Qf3 Rab8 14. Bf4 Bd6 15. Bxd6 Qxd6 16. b3 Rb4 17. Qg3 Qe7 18. a3 Nh5 19. Qf3 Rh4 20. Bxc6 Bxh3 21. g3 Qg5 22. Nxd5 Rg4 23. Kh2 Bxf1 24. Rxf1 f5 25. Ne3 Rd4 26. Bd5+ Kh8 27. Rd1 f4 28. Rxd4 fxg3+ 29. fxg3 Rxf3 30. Bxf3 Qxg3+ 31. Kh1 Qxf3+ 32. Kh2 Qf2+ 33. Ng2 Qxd4 0-1

[Event "World Youth U-16 Olympiad 2018"]
[Site "Konya"]
[Date "2018.11.30"]
[Round "6"]
[White "Yakubboev, Nodirbek"]
[Black "Iniyan, P."]
[Result "1-0"]
[WhiteElo "2549"]
[BlackElo "2468"]
[Annotator "TA"]
[PlyCount "109"]
[EventDate "2018.11.25"]
[EventType "team-tourn"]
[EventCountry "TUR"]
[SourceTitle "playchess.com"]
[Source "ChessBase"]
[SourceQuality "1"]
[WhiteTeam "UZB"]
[BlackTeam "IND"]
[WhiteTeamCountry "UZB"]

1. d4 Nf6 2. c4 g6 3. g3 Bg7 4. Bg2 O-O 5. Nc3 c5 6. dxc5 Na6 7. Nf3 Nxc5 8. O-O b6 9. Nd4 Bb7 10. Bxb7 Nxb7 11. e4 Rc8 12. Qe2 Qc7 13. e5 Qxc4 14. exf6 Bxf6 15. Qxc4 Rxc4 16. Ndb5 Bxc3 17. Nxc3 e6 18. Bh6 Rfc8 19. Rac1 f6 20. Ne4 Kf7 21. b3 R4c6 22. Rxc6 Rxc6 23. Rc1 Rxc1+ 24. Bxc1 e5 25. Nc3 Na5 26. f4 Nc6 27. fxe5 fxe5 28. Ba3 Nd4 29. Kf2 h5 30. Nd5 Ke6 31. Nc7+ Kf5 32. Bb2 Nc6 33. Kf3 Nb4 34. a3 Nd3 35. Bc3 Nc5 36. b4 Ne4 37. Nd5 Nd6 38. a4 Nc4 39. h3 Ke6 40. Nc7+ Ke7 41. Ke4 Kd6 42. Nb5+ Ke6 43. Nxa7 Nd6+ 44. Kd3 Kd5 45. Be1 e4+ 46. Ke2 Kc4 47. Ke3 Kd5 48. Nb5 Nc4+ 49. Ke2 Kc6 50. Nd4+ Kd5 51. Nb3 Nb2 52. a5 bxa5 53. bxa5 Nc4 54. a6 Nb6 55. a7 1-0

[Event "World Youth U-16 Olympiad 2018"]
[Site "Konya"]
[Date "2018.11.30"]
[Round "6"]
[White "Ivic, Velimir"]
[Black "Gorshtein, Ido"]
[Result "0-1"]
[WhiteElo "2497"]
[BlackElo "2390"]
[Annotator "TA"]
[PlyCount "66"]
[EventDate "2018.11.25"]
[EventType "team-tourn"]
[EventCountry "TUR"]
[SourceTitle "playchess.com"]
[Source "ChessBase"]
[SourceQuality "1"]
[WhiteTeam "Serbia"]
[BlackTeam "Israel"]
[WhiteTeamCountry "SRB"]
[BlackTeamCountry "ISR"]

1. e4 c6 2. d4 d5 3. exd5 cxd5 4. Bf4 Nc6 5. c3 Bf5 6. Nd2 e6 7. Ngf3 Bd6 8. Bxd6 Qxd6 9. Nh4 Bg6 10. g3 Nf6 11. Nxg6 hxg6 12. Nf3 Ne4 13. Bd3 f5 14. Bb5 O-O 15. Qe2 g5 16. O-O-O Rfc8 17. Kb1 Rab8 18. h3 Rc7 19. Bd3 Nd8 20. Bxe4 fxe4 21. Nxg5 Nf7 22. h4 b5 23. Qh5 b4 24. c4 dxc4 25. Qh7+ Kf8 26. Nxe4 Qd5 27. Rhe1 c3 28. Nc5 b3 29. bxc3 Rxc5 30. dxc5 bxa2+ 31. Kc2 Qb3+ 32. Kd2 Rd8+ 33. Ke2 Qb2+ 0-1